000
00400nam a2200145Ia 4500
008
100122s9999 xx 000 0 und d
082
_b
30411
_a
823
100
_a
गोगटे शकुंतला
245
_a
सार्थक
260
_b
मनोरमा प्रकाशन
_c
1905
300
_a
151
630
_a
सार्थक
730
_a
सार्थक
942
_c
BOOK
999
_c
415278
_d
415275